000170908 001__ 170908
000170908 005__ 20260429150232.0
000170908 037__ $$aTAZ-TFG-2025-156
000170908 041__ $$aspa
000170908 1001_ $$aBernal Bandrés, Chaime
000170908 24200 $$aTax Lease or sale of corporate income tax credits
000170908 24500 $$aTax Lease o Venta de deducciones en el Impuesto de Sociedades
000170908 260__ $$aZaragoza$$bUniversidad de Zaragoza$$c2025
000170908 506__ $$aby-nc-sa$$bCreative Commons$$c3.0$$uhttp://creativecommons.org/licenses/by-nc-sa/3.0/
000170908 520__ $$aEl tax lease o "mezenazgo tecnológico" es un producto financiero utilizado por otras empresas para lograr deducciones en el Impuesto de Sociedades, a través de financiar proyectos de I+D+i o eventos en el mundo del cine y del espectáculo. No se invierte ni en la propia empresa ni en el producto final de la otra empresa, sino que se compran los derechos a deducirse en el Impuesto de Sociedades. Esta herramienta financiera está resultando ser bastante atractiva para empresas de un determinado volumen de beneficios. Reciben beneficios las dos partes. La parte investigadora obtiene liquidez inmediata para financiar parte de los gastos de su proyecto y financia sin endeudamiento. La parte inversora paga menos en el impuesto de sociedades al comprar las deducciones fiscales y fomenta la inversión en proyectos de I+D al facilitar el acceso a recursos financieros.<br />
000170908 521__ $$aGraduado en Derecho
000170908 540__ $$aDerechos regulados por licencia Creative Commons
000170908 691__ $$a8
000170908 692__ $$aPermite invertir en ciencia y tecnología a través de unas ventajas fiscales, lo que considero que contribuye al trabajo decente y al crecimiento económico de una sociedad.
000170908 700__ $$aÁlvarez Martínez, Joaquín Agustín$$edir.
000170908 7102_ $$aUniversidad de Zaragoza$$bDerecho de la Empresa$$cDerecho Financiero y Tributario
000170908 8560_ $$f818086@unizar.es
000170908 8564_ $$s595793$$uhttps://zaguan.unizar.es/record/170908/files/TAZ-TFG-2025-156.pdf$$yMemoria (spa)
000170908 909CO $$ooai:zaguan.unizar.es:170908$$pdriver$$ptrabajos-fin-grado
000170908 950__ $$a
000170908 951__ $$adeposita:2026-04-29
000170908 980__ $$aTAZ$$bTFG$$cDER
000170908 999__ $$a20250131005020.CREATION_DATE